The Prudential Assurance Company Ltd v David Monroe Ayres and Christopher Grew (Record no. 106941)

MARC details
000 -LEADER
fixed length control field 01694cam a22002295a 4500
001 - CONTROL NUMBER
control field L137937
008 - FIXED-LENGTH DATA ELEMENTS--GENERAL INFORMATION
fixed length control field 070509e20070403xxk f v 000 0 eng d
035 ## - SYSTEM CONTROL NUMBER
System control number (Sirsi) u137937
041 0# - LANGUAGE CODE
Language code of text/sound track or separate title eng
245 04 - TITLE STATEMENT
Title The Prudential Assurance Company Ltd v David Monroe Ayres and Christopher Grew
Medium [electronic resource]
260 ## - PUBLICATION, DISTRIBUTION, ETC.
Date of publication, distribution, etc. 2007
520 ## - SUMMARY, ETC.
Summary, etc. [2007] EWHC 775 (Ch), 3 April 2007. The claimant intermediate landlord sought to recover rent from the defendants, as previous tenants of premises, in their capacity as guarantors of the partnership to which an underlease had been assigned and which had become insolvent. The landlord had granted an underlease to the defendants. By a separate supplemental deed between the landlord and the partnership it was agreed that the liability of the partnership under the lease was limited to the partnership assets. The partnership became insolvent leaving rent unpaid and the landlord claimed against the defendants. "Held": although the rent reserved by the underlease remained unchanged, that did not prevent the limitation of liability by the deed since it was open to a landlord to indicate to his tenant a willingness to accept less than the reserved rent.
590 ## - LOCAL NOTE (RLIN)
Local note KA
650 24 - SUBJECT ADDED ENTRY--TOPICAL TERM
Topical term or geographic name entry element PRUDENTIAL ASSURANCE COMPANY LTD V AYRES AND ANOTHER
650 24 - SUBJECT ADDED ENTRY--TOPICAL TERM
Topical term or geographic name entry element LANDLORD AND TENANT (COVENANTS) ACT 1995
650 24 - SUBJECT ADDED ENTRY--TOPICAL TERM
Topical term or geographic name entry element CONTRACTS (RIGHTS OF THIRD PARTIES) ACT 1999
650 24 - SUBJECT ADDED ENTRY--TOPICAL TERM
Topical term or geographic name entry element CENTRAL LONDON PROPERTY TRUST LTD V HIGH TREES HOUSE LTD
651 #4 - SUBJECT ADDED ENTRY--GEOGRAPHIC NAME
Geographic name England
Chronological subdivision 886-
690 ## - LOCAL SUBJECT ADDED ENTRY--TOPICAL TERM (OCLC, RLIN)
Topical term or geographic name as entry element PROPERTY-LANDLORD AND TENANT-LEASES
856 40 - ELECTRONIC LOCATION AND ACCESS
Uniform Resource Identifier <a href="https://www.bailii.org/ew/cases/EWHC/Ch/2007/775.html">https://www.bailii.org/ew/cases/EWHC/Ch/2007/775.html</a>
Public note View the item free of charge at www.bailii.org...
942 ## - ADDED ENTRY ELEMENTS (KOHA)
Suppress in OPAC 0
Holdings
Withdrawn status Lost status Source of classification or shelving scheme Damaged status Not for loan Home library Current library Shelving location Date acquired Total Checkouts Full call number Barcode Date last seen Copy number Price effective from Koha item type
    Dewey Decimal Classification     Virtual Virtual Online 09/05/2007   ONLINE PUBLICATION 137937-2001 06/08/2019 1 06/08/2019 Law report